Jak to slyší delfíni /

Prázdninový příběh o tom, jak delfín Polly pomohl chlapci Sebíkovi být sám sebou a přitom nezůstávat sám uprostřed moře.

Uloženo v:
Hlavní autor: Štarková, Petra, 1975- (Autor)
Další autoři: Stibitzová, Petra Josefína, 1988- (Autor)
Médium: Kniha
Jazyk:Czech
Vydáno: V Praze : Albatros : Pasparta, 2026
Vydání:1. vydání
Edice:Má to háček
Témata:
Celkem bylo vypůjčeno:0x
Tagy:
Žádné tagy
LEADER 02345nam a2200493 i 4500
001 106480
003 CZ PrNK
005 20260604150231.0
007 ta
008 260427s2026 xr a b 000 j cze
015 |a cnb003754631 
020 |a 9788000081076  |q (vázáno) :  |c Kč 329,00 
040 |a ABG001  |b cze  |e rda 
072 7 |a 821.162.3-3  |x Česká próza  |2 Konspekt  |9 25 
072 7 |a 821-93  |x Literatura pro děti a mládež (beletrie)  |2 Konspekt  |9 26 
080 |a 821.162.3-32  |2 MRF 
080 |a 821-93  |2 MRF 
080 |a 316.62/.66-021.254  |2 MRF 
080 |a (0:82-32)  |2 MRF 
100 1 |a Štarková, Petra,  |d 1975-  |7 xx0084999  |4 aut  |9 30590 
245 1 0 |a Jak to slyší delfíni /  |c Petra Štarková ; ilustrovala Petra Josefína Stibitzová 
250 |a 1. vydání 
264 1 |a V Praze :  |b Albatros :  |b Pasparta,  |c 2026 
300 |a 85 stran :  |b barevné ilustrace ;  |c 21 cm 
336 |a text  |b txt  |2 rdacontent 
337 |a bez média  |b n  |2 rdamedia 
338 |a svazek  |b nc  |2 rdacarrier 
490 1 |a Má to háček 
520 2 |a Prázdninový příběh o tom, jak delfín Polly pomohl chlapci Sebíkovi být sám sebou a přitom nezůstávat sám uprostřed moře.  |b Sebík vnímá svět jinak - hlasité zvuky ho bolí a nové věci ho děsí. Když se ale poprvé vydá k moři, potká delfína Pollyho a společně objeví, že jinakost může být darem a že skutečné porozumění někdy začíná tam, kde slova nestačí. Moderní dětská kniha citlivě otevírá téma hypersenzitivity a neurodiverzity. Nakladatelská anotace. Kráceno. 
521 8 |a Pro čtenáře od 7 let 
650 0 7 |a jinakost  |7 ph762437  |2 czenas 
650 0 9 |a otherness (philosophy)  |2 eczenas 
655 7 |a české příběhy  |7 fd133973  |2 czenas  |9 54030 
655 7 |a publikace pro děti  |7 fd133156  |2 czenas  |9 23 
655 9 |a Czech stories  |2 eczenas 
655 9 |a children's literature  |2 eczenas 
700 1 |a Stibitzová, Petra Josefína,  |d 1988-  |7 xx0176863  |4 ill  |9 110475 
710 2 |a Pasparta Publishing (nakladatelství)  |7 xx0220311  |4 pbl  |9 117428 
710 2 |a Nakladatelství Albatros  |7 kn20010724027  |4 pbl  |9 108199 
830 0 |a Má to háček 
910 |a UOG502 
942 |2 ddc  |c KN 
999 |d 106480 
993 |0 0  |1 421180107200  |2 ddc  |4 0  |6 M  |7 0  |9 99924  |b 0  |c 107200  |d 2026-06-04  |e 0  |f M  |g M  |h 329.00  |i Koupě  |l M  |r 2026-06-04  |t 8  |w 2026-06-04  |y KN  |z BELET  |n